Online
Catalog

Historia ecológica y social de la humanidad / (Record no. 20738)

MARC details
000 -CABECERA
campo de control de longitud fija 00885nam a2200265 a 4500
001 - NÚMERO DE CONTROL
campo de control 000021237
005 - FECHA Y HORA DE LA ÚLTIMA TRANSACCIÓN
campo de control 20250305093321.0
008 - DATOS DE LONGITUD FIJA--INFORMACIÓN GENERAL
campo de control de longitud fija 100902s1979 ag r 000 | spa d
040 ## - FUENTE DE LA CATALOGACIÓN
Centro catalogador/agencia de origen DO-SdBNP
Lengua de catalogación spa
Centro/agencia transcriptor BNPHU
082 ## - NÚMERO DE LA CLASIFICACIÓN DECIMAL DEWEY
Número de clasificación 304.2
Número de documento/Ítem A853h
049 ## - FONDOS LOCALES (OCLC)
Fondos de biblioteca BNGR
100 1# - ENTRADA PRINCIPAL--NOMBRE DE PERSONA
Nombre de persona Astesano, Eduardo
Fechas asociadas al nombre 1937-
9 (RLIN) 44385
245 13 - MENCIÓN DE TÍTULO
Título Historia ecológica y social de la humanidad /
Mención de responsabilidad, etc. Eduardo Astesano.
260 ## - PUBLICACIÓN, DISTRIBUCIÓN, ETC.
Lugar de publicación, distribución, etc. Santafé de Bogotá, (Colombia) :
Nombre del editor, distribuidor, etc. Ediciones Castañeda,
Fecha de publicación, distribución, etc. 1979.
300 ## - DESCRIPCIÓN FÍSICA
Extensión 2 t. :
Otras características físicas il. ;
Dimensiones 23 cm.
490 1# - MENCIÓN DE SERIE
Mención de serie Daniel Samper Ortega;
Designación de volumen o secuencia 1
500 ## - NOTA GENERAL
Nota general Incluye notas al pie de páginas
500 ## - NOTA GENERAL
Nota general Incluye referencias bibliográficas
505 0# - NOTA DE CONTENIDO CON FORMATO
Nota de contenido con formato t.1 :
Información miscelánea el mundo antiguo
505 0# - NOTA DE CONTENIDO CON FORMATO
Nota de contenido con formato t.2 :
Información miscelánea el mundo moderno.
650 #4 - PUNTO DE ACCESO ADICIONAL DE MATERIA--TÉRMINO DE MATERIA
Término de materia o nombre geográfico como elemento de entrada Ecología humana
Subdivisión general Historia
9 (RLIN) 44386
650 #0 - PUNTO DE ACCESO ADICIONAL DE MATERIA--TÉRMINO DE MATERIA
Término de materia o nombre geográfico como elemento de entrada ECOLOGÍA
9 (RLIN) 9251
650 #4 - PUNTO DE ACCESO ADICIONAL DE MATERIA--TÉRMINO DE MATERIA
Término de materia o nombre geográfico como elemento de entrada Paleoecología
9 (RLIN) 44387
830 #0 - PUNTO DE ACCESO ADICIONAL DE SERIE-TÍTULO UNIFORME
Título uniforme Daniel Samper Ortega;
Designación de volumen o secuencia 1
9 (RLIN) 44388
Holdings
Estado de retiro Estado de pérdida Restricciones de uso No para préstamo Código de colección Localización permanente Ubicación/localización actual Ubicación en estantería Fecha de adquisición Número de inventario Total de préstamos Signatura topográfica completa Código de barras Fecha visto por última vez Precio válido a partir de Tipo de ítem Koha
      Excluido de préstamo Monografías: Libros y Folletos General General En catalogación 02.09.2010 LF1   t.1 21237-10 25.06.2020 25.06.2020 No se presta
      Excluido de préstamo Monografías: Libros y Folletos General General En catalogación 02.09.2010 LF1   t.2 21237-20 25.06.2020 25.06.2020 No se presta

Powered by Koha